000 00393nam a2200133Ia 4500
008 230917s9999||||xx |||||||||||||| ||und||
040 _e89372
_aMAIN
041 _aEnglish
082 _a617 D11T
100 _aDabar, Sukhwinder Singh
245 0 _aTransurethral incision versus transurethral resection in grade 1 prostate: A subjective and objective analysis
300 _a45 p.
942 _cTH
999 _c78899
_d78899